Po sedmi letech stále zataženo. V GATT nedošlo od roku 1986 k zásadní dohodě o zemědělství.

Prehľad rokovaní Uruguajského kola Všeobecnej dohody o clách a obchode (GATT). Rozpor v poľnohospodárskej politike medzi krajinami Európskeho spoločenstva a USA. Otázky nástupníctva ČR a SR v GATT.

Gespeichert in:
Bibliographische Detailangaben
1. Verfasser: Karas, S.
Format: Buchkapitel
Sprache:Tschechisch
Schlagworte:
Tags: Tag hinzufügen
Keine Tags, Fügen Sie das erste Tag hinzu!

MARC

LEADER 00000naa a2200000 4500
001 r011646
005 20220826092554.1
041 0 |a cze 
044 |a [CS] 
245 1 0 |a Po sedmi letech stále zataženo.  |b V GATT nedošlo od roku 1986 k zásadní dohodě o zemědělství.  |c S. Karas 
520 |a Prehľad rokovaní Uruguajského kola Všeobecnej dohody o clách a obchode (GATT). Rozpor v poľnohospodárskej politike medzi krajinami Európskeho spoločenstva a USA. Otázky nástupníctva ČR a SR v GATT. 
610 2 0 |a GATT 
610 2 0 |a 1986-1992 
610 2 0 |a politika poľnohospodárska 
610 2 0 |a politika colná 
610 2 0 |a Európske spoločenstvá 
610 2 0 |a Čechy 
610 2 0 |a Slovensko 
610 2 0 |a USA 
100 1 |a Karas, S.